Time out : Time management strategic for the real estate profesional

Bibliographic Details
Main Author: John M.Ravage
Corporate Author: Title
Format: Book
Published: Kuala Lumpur : Goldent Books Centre , 1997
Subjects:

MARC

LEADER 00000cam a2200000 7i4500
001 0000014364
005 20080311.0
008 280208
020 |a 9837203277 
090 0 0 |a 333.330688   |b RAV 
100 1 |a John M.Ravage 
245 1 0 |a Time out :   |b Time management strategic for the real estate profesional   |c Ravage, John M 
260 |a Kuala Lumpur :   |b Goldent Books Centre ,   |c 1997 
650 0 |a Real estate agents   |x Time management 
710 1 |a Title 
999 |a 0001010993   |b Book   |c Adult Collection   |e Perbadanan Perpustakaan Awam Johor 
999 |a 0001010994   |b Book   |c Adult Collection   |e Perbadanan Perpustakaan Awam Johor